000 00471nam a2200181Ia 4500
005 20191123154641.0
008 170106s2010||||xx |||||||||||||| ||und||
020 _a9781439822876
082 _a006.3
_bSHU
100 _aShukla, Anupam
245 0 _aReal life applications of soft computing
260 _aBaca Raton
_bCRC Press
_c2010
300 _axxxi,653p. ; 26 cm
650 _aComputer Science
700 _aKala,Rahul
700 _aTiwari,Ritu
942 _cBK
_2ddc
999 _c6758
_d6758